Memoria

Պահպանված է:
Մատենագիտական մանրամասներ
Ձևաչափ: Անհայտ
Հրապարակվել է: San José: Diseño Alternativo
Խորագրեր:
Ցուցիչներ: Ավելացրեք ցուցիչ
Չկան պիտակներ, Եղեք առաջինը, ով նշում է այս գրառումը!

MARC

LEADER 00000 a2200000 04500
001 18939
003
008 991231s d
040
090 |a 144812  
245 |a Memoria  
260 |a San José:   |b Diseño Alternativo  
300 |a 199 p.  
650 |a MUJERES  
650 |a POLITICA  
650 |a PARTICIPACION POLITICA  
650 |a PARTICIPACION DE LA MUJER  
650 |a CONDICIONES SOCIALES  
650 |a MOVIMIENTOS SOCIALES  
650 |a ORGANIZACIONES FEMENINAS  
999 |c 14612  |d 14612